Mecánica de suelos
Spremljeno u:
| Glavni autori: | , |
|---|---|
| Format: | Knjiga |
| Jezik: | španjolski |
| Izdano: |
Ciudad de México
Limusa
1998
|
| Teme: | |
| Oznake: |
Dodaj oznaku
Bez oznaka, Budi prvi tko označuje ovaj zapis!
|
MARC
| LEADER | 00000nam a2200000 a 4500 | ||
|---|---|---|---|
| 001 | UCP7822 | ||
| 003 | CL-VaPUC | ||
| 008 | 991223e19980000MX |||||||||||||||||spa|d | ||
| 082 | 0 | 4 | |a 624.151 |b LAM |2 21 |
| 100 | |a Lambe, T. William |e author |9 522798 | ||
| 700 | 0 | |a Whitman, Robert V |e author |9 437420 | |
| 245 | 1 | 0 | |a Mecánica de suelos |
| 300 | |a 582 p | ||
| 942 | |c BK | ||
| 945 | |d 19991223 00:00:00 |a vberengu | ||
| 260 | |a Ciudad de México |b Limusa |c 1998 | ||
| 650 | 0 | |a Agua |9 257149 | |
| 650 | 7 | |a DESLIZAMIENTO DE TIERRA |2 CL-VaPUC |9 437421 | |
| 650 | 0 | |a Drenaje |9 262510 | |
| 650 | 0 | |a Mecánica de los suelos |9 350707 | |
| 650 | 0 | |a Suelos |9 260322 | |
| 583 | |a last modification |c 19991223 00:00:00 |k Rodrigo Vera | ||
| 999 | |c 284865 |d 284863 | ||
| 952 | |0 0 |1 0 |2 ddc |4 0 |6 624_151000000000000_LAM_1998 |7 0 |8 A |9 329160 |a BIBING |b BIBING |c RES |d 2019-11-20 |i 3588610 |o 624.151 LAM 1998 |p 3588610 |r 2025-01-20 |w 2019-11-20 |y BK |k CCL | ||